[Event "GEO World Cup-B U08"]
[Site "Batumi"]
[Date "2024.06.29"]
[Round "7"]
[White "Kavish Palaniappan, K."]
[Black "Shtogrin, Joseph Stephan"]
[Result "1-0"]
[WhiteElo "1551"]
[BlackElo "1251"]
[PlyCount "103"]
[EventDate "2024.06.23"]
[EventType "swiss"]
[EventRounds "7"]
[EventCountry "GEO"]
[SourceTitle "EXT 2025"]
[Source "ChessBase"]
[SourceDate "2024.10.14"]
[SourceVersion "1"]
[SourceVersionDate "2024.10.14"]
[SourceQuality "1"]

1. e4 c6 2. d4 d5 3. Nc3 dxe4 4. Nxe4 Nf6 5. Nxf6+ exf6 6. c3 Bd6 7. Bd3 0-0 8. Ne2 Qc7 9. h3 Be6 10. 0-0 Nd7 11. f4 b5 12. Qc2 h6 13. f5 Bd5 14. Nf4 Nb6 15. b3 Rfe8 16. c4 bxc4 17. bxc4 Bxc4 18. Bxc4 c5 19. d5 Nxc4 20. Qxc4 Qb6 21. Bd2 Be5 22. Rab1 Qd6 23. Kh1 Qc7 24. Nd3 Bd6 25. Rfc1 Re2 26. Bf4 Rae8 27. Bxd6 Qxd6 28. Nxc5 Qg3 29. Rg1 R8e3 30. Qg4 Qf2 31. Rbf1 Rxh3+ 32. Qxh3 Qxc5 33. Rd1 Re3 34. Qh2 Qe7 35. d6 Qd7 36. Rge1 Rxe1+ 37. Rxe1 Kf8 38. Qf4 h5 39. Qe4 g6 40. Qe7+ Qxe7 41. Rxe7 a5 42. Re1 g5 43. d7 Kg7 44. d8Q g4 45. Re8 Kh6 46. Rh8+ Kg5 47. Qg8+ Kxf5 48. Rxh5+ Kf4 49. Qxf7 Kg3 50. Qxf6 a4 51. Qe5+ Kf2 52. Rf5# 1-0

[Event "GEO World Cup-B U08"]
[Site "Batumi"]
[Date "2024.06.25"]
[Round "3"]
[White "Shtogrin, Joseph Stephan"]
[Black "Mani, Sarbartho"]
[Result "0-1"]
[WhiteElo "1251"]
[BlackElo "1733"]
[PlyCount "64"]
[EventDate "2024.06.23"]
[EventType "swiss"]
[EventRounds "7"]
[EventCountry "GEO"]
[SourceTitle "EXT 2025"]
[Source "ChessBase"]
[SourceDate "2024.10.14"]
[SourceVersion "1"]
[SourceVersionDate "2024.10.14"]
[SourceQuality "1"]

1. d4 Nf6 2. Nf3 e6 3. e3 d5 4. Bd3 c6 5. b3 Bd6 6. Bb2 Nbd7 7. Nbd2 0-0 8. 0-0 Qe7 9. Ne5 Bxe5 10. dxe5 Ne8 11. c4 b6 12. Bb1 Ba6 13. Qc2 g6 14. Rd1 Rc8 15. Qc1 b5 16. a4 b4 17. Bd4 Ng7 18. Bd3 Rfd8 19. Qc2 c5 20. Bb2 Nb8 21. Nf3 Bb7 22. Qe2 a5 23. Rac1 Nd7 24. Ba1 Nb6 25. Qb2 dxc4 26. Bxc4 Rxd1+ 27. Rxd1 Nxc4 28. bxc4 Bxf3 29. gxf3 Qg5+ 30. Kh1 Nf5 31. Rd6 Nh4 32. f4 Qg2# 0-1

[Event "GER-ch U08"]
[Site "Willingen"]
[Date "2024.05.23"]
[Round "4"]
[White "Shtogrin, Joseph Stephan"]
[Black "Schulze, Jonas"]
[Result "0-1"]
[WhiteElo "1251"]
[BlackElo "986"]
[PlyCount "108"]
[EventDate "2024.05.22"]
[EventType "swiss"]
[EventRounds "7"]
[EventCountry "GER"]
[SourceTitle "CBM 220 Extra"]
[Source "ChessBase"]
[SourceDate "2024.07.31"]
[SourceVersion "1"]
[SourceVersionDate "2024.07.31"]
[SourceQuality "1"]

1. e4 e5 2. Nf3 Nc6 3. d4 exd4 4. Nxd4 Bc5 5. Nb3 Bb6 6. Nc3 Nge7 7. Qe2 0-0 8. Be3 d6 9. 0-0-0 f5 10. Bxb6 axb6 11. f4 fxe4 12. Qxe4 Bf5 13. Qf3 Qc8 14. h3 Be6 15. g4 Ne5 16. Qe3 Nf7 17. Nd4 Bd5 18. Rg1 Re8 19. Nxd5 Nxd5 20. Qb3 c6 21. Bc4 Re3 22. Rd3 Rxd3 23. Qxd3 b5 24. Bxd5 cxd5 25. Nf5 Rxa2 26. Ne7+ Kf8 27. Nxc8 Ra1+ 28. Kd2 Rxg1 29. Qxb5 Rg2+ 30. Kc3 d4+ 31. Kb3 Rg3+ 32. Ka2 Rxh3 33. Qd7 g6 34. Qe7+ Kg7 35. Nxd6 d3 36. Qxf7+ Kh6 37. g5+ Kh5 38. Qxh7+ Kg4 39. Qxh3+ Kxh3 40. f5 dxc2 41. fxg6 c1Q 42. g7 Qxg5 43. Nf5 Kg4 44. g8Q Qxg8+ 45. Ka1 Qa8+ 46. Kb1 Kxf5 47. b3 b5 48. Kb2 Qg2+ 49. Ka1 Qf1+ 50. Ka2 Qe2+ 51. Kb1 Ke4 52. b4 Kd3 53. Ka1 Kc3 54. Kb1 Qb2# 0-1

[Event "GER-ch U08"]
[Site "Willingen"]
[Date "2024.05.22"]
[Round "1"]
[White "Blum Barth, Elias"]
[Black "Shtogrin, Joseph Stephan"]
[Result "1/2-1/2"]
[WhiteElo "1093"]
[BlackElo "1251"]
[PlyCount "82"]
[EventDate "2024.05.22"]
[EventType "swiss"]
[EventRounds "7"]
[EventCountry "GER"]
[SourceTitle "CBM 220 Extra"]
[Source "ChessBase"]
[SourceDate "2024.07.31"]
[SourceVersion "1"]
[SourceVersionDate "2024.07.31"]
[SourceQuality "1"]

1. e4 e5 2. Nf3 Nf6 3. Nxe5 d6 4. Nf3 Nxe4 5. Nc3 Nxc3 6. dxc3 Be7 7. Bc4 0-0 8. 0-0 Nc6 9. h3 Bd7 10. Be3 Be6 11. Bb3 Qd7 12. Re1 Rfe8 13. Qd2 Rad8 14. Rad1 Bf6 15. Qc1 Kh8 16. Re2 Re7 17. Ng5 Bxb3 18. cxb3 h6 19. Nf3 Kg8 20. Rde1 Rde8 21. Qd1 Ne5 22. Nxe5 Rxe5 23. Bd4 Rxe2 24. Rxe2 Bxd4 25. Rxe8+ Qxe8 26. Qxd4 Qe1+ 27. Kh2 Qe5+ 28. Qxe5 dxe5 29. Kg3 f6 30. f4 Kf7 31. Kf3 Ke6 32. Ke4 f5+ 33. Ke3 Kd6 34. c4 c5 35. g3 exf4+ 36. Kxf4 Ke6 37. h4 Kf6 38. h5 Ke6 39. g4 fxg4 40. Kxg4 Ke5 41. a3 a5 1/2-1/2